| 000 | 00375nam a22001337a 4500 | ||
|---|---|---|---|
| 082 |
_a891.4392 _bHIJ _cN-2,P-100 |
||
| 100 |
_aHijazi, Naseem _951835 |
||
| 245 | _aیوسف بن تاشقین | ||
| 260 |
_aLahore, _bJahangir books, _c2000. |
||
| 300 | _a480p. | ||
| 526 |
_a0 _b0 _c0 _d891_439200000000000_HIJ |
||
| 650 |
_aNovel, Urdu adab _burdu books _951836 |
||
| 942 |
_2ddc _cBK |
||
| 999 |
_c554376 _d554376 |
||